| 000 | 00697nam a22002177a 4500 | ||
|---|---|---|---|
| 003 | OSt | ||
| 005 | 20150323172651.0 | ||
| 008 | 150213b xxu||||| |||| 00| 0 eng d | ||
| 040 | _cBMC | ||
| 082 | _a843 | ||
| 100 | 1 |
_aSartre, Jean-Paul _91256 _d1905-1980 |
|
| 245 | 1 | 4 |
_aLos caminos de la libertad _nII _b: el aplazamiento _cJean Paul Sartre ; traducción de Manuel R. Cardoso |
| 250 | _a7ª ed | ||
| 260 |
_aBuenos Aires _bLosada _c[1971] |
||
| 300 |
_a362 p. _c18 cm |
||
| 490 |
_aBiblioteca clásica y contemporánea _v341 |
||
| 595 | _aTraducción de: Les Chemins de la liberté II. Le sursis | ||
| 650 | 2 | 4 |
_911443 _aNovela francesa |
| 700 | 1 |
_aCardoso, Manuel R. _931564 |
|
| 942 |
_2ddc _cBK |
||
| 999 |
_c18528 _d18528 |
||